Κατάλογος Βιβλιοθηκών Mediterranean College

Εφαρμογές Οπλισμένου Σκυροδέματος / Σύμφωνα με τον Νέο Κανονισμό Σκυροδέματος. (Record no. 3661)

MARC details
000 -LEADER
fixed length control field 01490cam a22002054a 4500
005 - ΗΜΕΡΟΜΗΝΙΑ ΚΑΙ ΩΡΑ ΤΕΛΕΥΤΑΙΑΣ ΕΝΗΜΕΡΩΣΗΣ
Πεδίο ελέγχου 20250605164121.0
008 - FIXED-LENGTH DATA ELEMENTS--GENERAL INFORMATION
Πεδίο ελέγχου σταθερού μήκους 250528s ||||||||||||||||||||||||d
035 ## - SYSTEM CONTROL NUMBER
System control number 18295
020 ## - ISBN
ISBN 9609024610
040 ## - ΠΗΓΗ ΚΑΤΑΛΟΓΟΓΡΑΦΗΣΗΣ
Φορέας πρωτότυπης καταλογογράφησης MC Athens Campus Library
Γλώσσα καταλογογράφησης Ελληνικά, Μοντέρνα (1453-)
Modifying agency MC Athens Campus Library
Κανόνες περιγραφικής καταλογογράφησης AACR2
245 1# - ΤΙΤΛΟΣ ΚΑΙ ΔΗΛΩΣΗ ΥΠΕΥΘΥΝΟΤΗΤΑΣ
Τίτλος Εφαρμογές Οπλισμένου Σκυροδέματος / Σύμφωνα με τον Νέο Κανονισμό Σκυροδέματος.
Number of part/section of a work Τόμος Α' Έκδοση 2.0
260 ## - PUBLICATION, DISTRIBUTION, ETC.
Name of publisher, distributor, etc. Π, Systems International Α.Ε.Β.Ε.Λ,
Date of publication, distribution, etc. 1994
300 ## - PHYSICAL DESCRIPTION
Extent 244
505 0# - FORMATTED CONTENTS NOTE
Formatted contents note Εισαγωγή, Πεδίο Εφαρμογής του Κανονισμού Σκυροδέματος, Μονάδες Μέτρησης, Συμβολισμοί, Δράσεις, Εντάσεις, Υλικά, Κάμψη, Υποστυλώματα με Σπειροειδή Οπλισμό, Το Πρόβλημα της Κάμψης με Ορθή Δύναμη, Διάτμηση, Στρέψη, Ασκήσεις.
520 ## - SUMMARY, ETC.
Summary, etc. Εισαγωγή, Πεδίο Εφαρμογής του Κανονισμού Σκυροδέματος, Μονάδες Μέτρησης, Συμβολισμοί, Δράσεις, Εντάσεις, Υλικά, Κάμψη, Υποστυλώματα με Σπειροειδή Οπλισμό, Το Πρόβλημα της Κάμψης με Ορθή Δύναμη, Διάτμηση, Στρέψη, Ασκήσεις.
700 1# - ΠΡΟΣΘΕΤΗ ΑΝΑΓΡΑΦΗ--ΦΥΣΙΚΟ ΠΡΟΣΩΠΟ
Personal name Κωνσταντινίδης Απόστολος
9 (RLIN) 4572
942 ## - ADDED ENTRY ELEMENTS (KOHA)
Koha item type Books
Holdings
Τύπος τεκμηρίου Βιβλιοθήκη Τρέχουσα τοποθεσία Barcode Αριθμός εισαγωγής Ημερομηνία απόκτησης Ταξιθετικό σύμβολο Αριθμός αντιτύπου Κατάσταση απόσυρσης Κατάσταση χαμένου Κατάσταση κατεστραμμένου Μη δανεισμός Σύνολο δανεισμών Ημερομηνία τελευταίας εμφάνισης Η τιμή ισχύει από
Books MC Athens Campus Library MC Athens Campus Library 9780000036605 2882 05/06/2025 693.54 KON V.A 1           05/06/2025 05/06/2025

MC Athens Campus Library
Πατησίων 94 & Κοδριγκτώνος 13, 104 34
Πελλήνης 8 & Πατησίων 107, 112 51
Τ: +30 210 8899600

MC Thessaloniki Campus Library
Ίωνος Δραγούμη 21, 54625 | Ίωνος Δραγούμη 15, 54625
Τ: +30 2310 287779 – Τ: +30 2314 440300